Dealing with an international credit crunch : (Registro nro. 30862)

Detalles MARC
000 -LEADER
fixed length control field 00794nam a22002297a 4500
003 - CONTROL NUMBER IDENTIFIER
control field OSt
005 - DATE AND TIME OF LATEST TRANSACTION
control field 20241028092825.0
008 - FIXED-LENGTH DATA ELEMENTS--GENERAL INFORMATION
fixed length control field 241021b |||a|||| |||| 00| 0 eng d
020 ## - INTERNATIONAL STANDARD BOOK NUMBER
International Standard Book Number 9781597820868
037 ## - SOURCE OF ACQUISITION
Source of stock number/acquisition Donación
040 ## - CATALOGING SOURCE
Original cataloging agency Co-JMCR
Language of cataloging spa
Transcribing agency Co-JMCR
Modifying agency Co-JMCR
Description conventions rda
041 0# - LANGUAGE CODE
Language code of text/sound track or separate title eng
082 04 - DEWEY DECIMAL CLASSIFICATION NUMBER
Classification number 332.46
Item number D27a
Edition number 23
245 00 - TITLE STATEMENT
Title Dealing with an international credit crunch :
Remainder of title policy responses to sudden stops in Latin America /
250 ## - EDITION STATEMENT
Edition statement Eduardo Cavallo, Alejandro Izquierdo, Editores.
260 ## - PUBLICATION, DISTRIBUTION, ETC.
Place of publication, distribution, etc. New York :
Name of publisher, distributor, etc. Inter-American Development Bank,
Date of publication, distribution, etc. 2009.
300 ## - PHYSICAL DESCRIPTION
Extent 266 páginas :
Other physical details ilustraciones ;
Dimensions 23 cm.
504 ## - BIBLIOGRAPHY, ETC. NOTE
Bibliography, etc. note Incluye bibliografía.
700 1# - ADDED ENTRY--PERSONAL NAME
Personal name Cavallo, Eduardo A.,
Relator term editor.
9 (RLIN) 43888
700 2# - ADDED ENTRY--PERSONAL NAME
Personal name Izquierdo, Alejandro,
Relator term editor.
9 (RLIN) 43889
942 ## - ADDED ENTRY ELEMENTS (KOHA)
Source of classification or shelving scheme Dewey Decimal Classification
Koha item type Books
Existencias
Withdrawn status Lost status Source of classification or shelving scheme Damaged status Not for loan Collection code Home library Current library Shelving location Date acquired Source of acquisition Total Checkouts Full call number Barcode Date last seen Date last checked out Copy number Price effective from Koha item type
    Dewey Decimal Classification     Non-fiction Biblioteca Pública José María del Castillo y Rada Biblioteca Pública José María del Castillo y Rada Book Cart 07/19/2023 Donación 1 332.46 D27a 201812447 02/02/2026 01/29/2026 Ej.1 10/21/2024 Books